| 000 | 00506nam a2200181Ia 4500 | ||
|---|---|---|---|
| 999 |
_c14466 _d14466 |
||
| 003 | OSt | ||
| 005 | 20260305125034.0 | ||
| 008 | 190216s9999||||xx |||||||||||||| ||und|| | ||
| 020 | _a9780007166053 | ||
| 040 | _coclc | ||
| 082 |
_a869.342 _bCOE/E |
||
| 100 | 1 |
_aCoelho, Paulo _95599 |
|
| 245 | 0 |
_aEleven Minutes / _cPaulo Coelho |
|
| 260 |
_bHarper Collins Publishers , _c2004. _aLondon: |
||
| 300 | _a301p | ||
| 650 | _aEnglish | ||
| 942 |
_cBK _2ddc _h869.342 _iCOE/E _k869.342 _mCOE/E |
||